[Event "9. Lichtenberger Sommer"]
[Site "Berlin"]
[Date "2010.08.10"]
[Round "4.48"]
[White "Koischwitz, Wanja"]
[Black "Kramer, Wolfgang"]
[Result "0-1"]
[WhiteElo "1773"]
[BlackElo "2034"]
[PlyCount "94"]
[EventDate "2010.??.??"]
[WhiteTeam "Queer-Springer SSV Berlin"]
[BlackTeam "SG Schönbuch"]

1. d4 d5 2. Nf3 Nc6 3. e3 Bg4 4. Be2 e6 5. O-O Nf6 6. Nbd2 Qd7 7. c4 Be7 8. b3
h5 9. cxd5 Nxd5 10. Bb2 h4 11. h3 Bh5 12. Bb5 a6 13. Bxc6 Qxc6 14. Rc1 Qd7 15.
Nc4 f6 16. e4 Nf4 17. Qd2 Nxh3+ 18. Kh2 Bxf3 19. gxf3 Ng5 20. Qf4 Nf7 21. Ne3
g5 22. Qg4 O-O-O 23. d5 e5 24. Nf5 Kb8 25. Rc2 Nh6 26. Nxh6 Rxh6 27. Rfc1 Bd6
28. Rc4 Qe7 29. R1c2 h3 30. Bc1 Rh4 31. Qg1 Qd7 32. Be3 g4 33. Bc5 gxf3 34.
Bxd6 cxd6 35. Rc7 Qxc7 36. Rxc7 Kxc7 37. Qg7+ Rd7 38. Qxf6 Rf4 39. Qg6 a5 40.
a3 Rff7 41. Qg5 Rg7 42. Qc1+ Kb8 43. Qe3 Rg2+ 44. Kh1 Rc7 45. Qd2 Rcg7 46. Qd1
Rxf2 47. Qe1 Rgg2 0-1

[Event "9. Lichtenberger Sommer"]
[Site "Berlin"]
[Date "2010.08.10"]
[Round "4.49"]
[White "Würsig, Mathias"]
[Black "Muskewitz, Bernd"]
[Result "0-1"]
[WhiteElo "1868"]
[BlackElo "2017"]
[PlyCount "74"]
[EventDate "2010.??.??"]
[WhiteTeam "SV Blau-Gelb 1899 Hosena e.V."]
[BlackTeam "TSG Oberschöneweide e.V."]

1. e4 c5 2. Nf3 e6 3. d4 cxd4 4. Nxd4 a6 5. Bd3 Qc7 6. Be3 Nf6 7. Nc3 Bb4 8.
Bd2 d5 9. exd5 Bxc3 10. bxc3 Nxd5 11. c4 Nf6 12. O-O O-O 13. Bc3 Nbd7 14. Re1
b6 15. Re3 Bb7 16. Rg3 g6 17. h4 Ne4 18. Bxe4 Bxe4 19. Qe2 Bb7 20. h5 Nf6 21.
hxg6 hxg6 22. Nxe6 Qe7 23. Bxf6 Qxf6 24. Rb1 fxe6 25. Rxb6 Rf7 26. Rh3 Raf8 27.
c5 Bd5 28. Rxa6 Qa1+ 29. Qf1 Qxf1+ 30. Kxf1 Rxf2+ 31. Ke1 Rxg2 32. Ra7 Rb8 33.
Rd3 Rb1+ 34. Rd1 Rg1+ 35. Kd2 Rbxd1+ 36. Kc3 Rg3+ 37. Kb2 Rd2 0-1

[Event "9. Lichtenberger Sommer"]
[Site "Berlin"]
[Date "2010.08.10"]
[Round "4.50"]
[White "Weyers, Guido"]
[Black "Boeck, Rüdiger"]
[Result "1-0"]
[WhiteElo "1985"]
[BlackElo "1779"]
[PlyCount "59"]
[EventDate "2010.??.??"]
[WhiteTeam "SC Weisse Dame e.V."]
[BlackTeam "SC Weisse Dame Ulm e.V."]

1. c4 Nf6 2. g3 g6 3. Bg2 Bg7 4. Nc3 e6 5. e4 d6 6. Nge2 O-O 7. O-O e5 8. h3
Be6 9. d3 c5 10. f4 Qc8 11. Kh2 exf4 12. Nxf4 Nc6 13. Nfd5 Bxd5 14. cxd5 Nd4
15. Bg5 Nh5 16. Bf3 Nxf3+ 17. Qxf3 Be5 18. Ne2 Bxb2 19. Rab1 Be5 20. Be7 Re8
21. Qxf7+ Kh8 22. Rxb7 Bg7 23. Bf6 Rg8 24. g4 Nxf6 25. Rxf6 c4 26. Nf4 cxd3 27.
Nxg6+ hxg6 28. Qxg6 Qc2+ 29. Kg3 Qd2 30. Qh5+ 1-0

[Event "9. Lichtenberger Sommer"]
[Site "Berlin"]
[Date "2010.08.10"]
[Round "4.51"]
[White "Hesselbarth, Karlheinz"]
[Black "Hohn, August"]
[Result "0-1"]
[WhiteElo "1848"]
[BlackElo "2031"]
[PlyCount "54"]
[EventDate "2010.??.??"]
[WhiteTeam "SC Zugzwang 95 e.V."]
[BlackTeam "SC Zugzwang 95 e.V."]

1. d4 d5 2. c4 e6 3. Nc3 Bb4 4. e3 Nf6 5. Bd3 c5 6. Nf3 cxd4 7. exd4 Nc6 8. O-O
dxc4 9. Bxc4 O-O 10. Bg5 Be7 11. Rc1 Nb4 12. Qe2 Re8 13. Rfd1 Nbd5 14. Ne5 a6
15. Qf3 Rf8 16. Qh3 Nxc3 17. Rxc3 Ne4 18. Bxe7 Qxe7 19. Re3 Ng5 20. Qh5 f6 21.
Ng4 g6 22. Nh6+ Kg7 23. Qh4 f5 24. Kh1 Qf6 25. f4 Ne4 26. Qxf6+ Rxf6 27. Ng4
Rf8 0-1

[Event "9. Lichtenberger Sommer"]
[Site "Berlin"]
[Date "2010.08.10"]
[Round "4.52"]
[White "Glöß, Henrik"]
[Black "Kirchhof, Arno"]
[Result "1-0"]
[WhiteElo "1678"]
[BlackElo "2048"]
[PlyCount "53"]
[EventDate "2010.??.??"]
[WhiteTeam "Sfr.Nord-Ost Berlin"]
[BlackTeam "SC Zugzwang 95 e.V."]

1. d4 Nf6 2. c4 e6 3. Nc3 d5 4. Nf3 Be7 5. e3 c6 6. Bd3 dxc4 7. Bxc4 b5 8. Bd3
Nbd7 9. O-O a6 10. Nd2 Bb7 11. Nce4 c5 12. dxc5 Nxc5 13. Nxc5 Bxc5 14. Be2 O-O
15. b3 Qe7 16. Bf3 Rfd8 17. Bxb7 Qxb7 18. Qf3 Qxf3 19. Nxf3 Ne4 20. Bb2 Nd2 21.
Rfd1 Nxf3+ 22. gxf3 Kf8 23. Rac1 Rxd1+ 24. Rxd1 Ke7 25. Kg2 g6 26. f4 Rd8 27.
Bf6+ 1-0

[Event "9. Lichtenberger Sommer"]
[Site "Berlin"]
[Date "2010.08.10"]
[Round "4.53"]
[White "von Löhneysen, Leonard"]
[Black "Kohlmeyer, Dagobert"]
[Result "1-0"]
[WhiteElo "2054"]
[BlackElo "1888"]
[PlyCount "69"]
[EventDate "2010.??.??"]
[WhiteTeam "SK Zehlendorf e.V."]
[BlackTeam "SC Rochade e.V."]

1. c4 Nf6 2. g3 g6 3. Bg2 Bg7 4. Nc3 c5 5. a3 O-O 6. Nh3 Nc6 7. Rb1 d6 8. b4
Bxh3 9. Bxh3 cxb4 10. axb4 e6 11. d4 d5 12. c5 e5 13. dxe5 Nxe5 14. Bf4 Re8 15.
Bg2 d4 16. Nb5 d3 17. Bxe5 Rxe5 18. e3 Ne4 19. Bxe4 Rxe4 20. O-O Rc4 21. Rb3 d2
22. Nd6 Rc3 23. Rxc3 Bxc3 24. Qb3 Qf6 25. Ne4 Qf3 26. Nxc3 Rd8 27. Qd1 Qf6 28.
Qc2 Qf3 29. Rd1 h5 30. Rxd2 Re8 31. Qd1 Qf5 32. Rd6 h4 33. Rd8 Qe6 34. Rxe8+
Qxe8 35. gxh4 1-0

[Event "9. Lichtenberger Sommer"]
[Site "Berlin"]
[Date "2010.08.10"]
[Round "4.54"]
[White "Schmidt, Jürgen"]
[Black "Krawatzki, Armin"]
[Result "1-0"]
[WhiteElo "2017"]
[BlackElo "1825"]
[PlyCount "38"]
[EventDate "2010.??.??"]
[WhiteTeam "SC Kreuzberg e.V."]
[BlackTeam "SVG Läufer Reinickendorf e.V."]

1. e4 d5 2. exd5 Qxd5 3. Nc3 Qa5 4. d4 c6 5. Nf3 Nf6 6. Be2 Bf5 7. O-O e6 8.
Ne5 Nbd7 9. g4 Bg6 10. Nc4 Qc7 11. f4 h6 12. f5 exf5 13. gxf5 Bh7 14. Bf4 Qc8
15. Bd3 Nb6 16. Qe2+ Kd8 17. Ne5 Bg8 18. Rae1 Bb4 19. a3 Bxc3 1-0

[Event "9. Lichtenberger Sommer"]
[Site "Berlin"]
[Date "2010.08.10"]
[Round "4.55"]
[White "Krebs, Alexander"]
[Black "Pöltelt, Helmut"]
[Result "1/2-1/2"]
[WhiteElo "1884"]
[BlackElo "1697"]
[PlyCount "122"]
[EventDate "2010.??.??"]
[WhiteTeam "Ueberstorf"]
[BlackTeam "SC Eintracht Berlin e.V."]

1. d4 Nf6 2. Bg5 e6 3. e4 h6 4. Bxf6 Qxf6 5. Nf3 d5 6. e5 Qd8 7. c4 dxc4 8.
Bxc4 Bb4+ 9. Nbd2 Nc6 10. Bb5 Bd7 11. O-O a6 12. Be2 O-O 13. a3 Bxd2 14. Qxd2
Ne7 15. Rac1 Bb5 16. Bc4 Bxc4 17. Rxc4 Nd5 18. Rfc1 Re8 19. Qc2 Re7 20. Nd2 Rd7
21. Nb3 Rc8 22. Nc5 b5 23. Nb7 Qg5 24. h4 Qg4 25. f3 Qxh4 26. Nc5 Re7 27. Qe4
Qxe4 28. fxe4 bxc4 29. exd5 exd5 30. Nxa6 f6 31. exf6 gxf6 32. Nb4 c6 33. Kf2
Kf7 34. Rc2 Re4 35. Rd2 Ke6 36. Na6 Rg8 37. Nc5+ Kd6 38. Nxe4+ dxe4 39. Ke3 f5
40. Kf4 Rg5 41. g3 Ke6 42. Rg2 Rg4+ 43. Ke3 f4+ 44. Kxe4 Rxg3 45. Rh2 Rg6 46.
Rc2 Rf6 47. Rxc4 Kd6 48. Kf3 Kd5 49. b3 h5 50. a4 h4 51. Rc5+ Kxd4 52. Rc4+ Ke5
53. Re4+ Kd5 54. Rxf4 Rxf4+ 55. Kxf4 h3 56. Kg3 h2 57. Kxh2 c5 58. Kg3 c4 59.
bxc4+ Kxc4 60. a5 Kb5 61. a6 Kxa6 1/2-1/2

[Event "9. Lichtenberger Sommer"]
[Site "Berlin"]
[Date "2010.08.10"]
[Round "4.56"]
[White "Galkin, Wladislaw"]
[Black "Engelhardt, Erhard"]
[Result "1-0"]
[WhiteElo "1910"]
[BlackElo "1799"]
[PlyCount "85"]
[EventDate "2010.??.??"]
[WhiteTeam "SC Ladja Roßdorf"]
[BlackTeam "SSV Rotation Berlin e.V."]

1. d4 b6 2. c4 Bb7 3. Nc3 e6 4. e4 Bb4 5. Qc2 Nf6 6. Bd3 h6 7. Nf3 Bxc3+ 8.
bxc3 O-O 9. O-O d6 10. Bf4 Nbd7 11. Rae1 Qe7 12. Bg3 e5 13. Nh4 g6 14. f4 Nh5
15. Qf2 Kh7 16. fxe5 dxe5 17. Nf5 Qf6 18. Bh4 g5 19. Bg3 Rae8 20. Qe3 Nf4 21.
Bxf4 gxf4 22. Qh3 Bc8 23. dxe5 Nxe5 24. Rxf4 Rg8 25. Qe3 Rg5 26. Ng3 Qg7 27.
Ref1 Rd8 28. Be2 Be6 29. c5 Rd7 30. cxb6 axb6 31. a4 Rd6 32. Kh1 Rd8 33. Nf5
Qf8 34. Rh4 Rg6 35. Qf4 Bxf5 36. exf5 Rgd6 37. Qxe5 Re8 38. Qb5 f6 39. Bh5 Re5
40. Bg6+ Kh8 41. Qc4 Rc5 42. Qf4 Rcd5 43. Rxh6+ 1-0

[Event "9. Lichtenberger Sommer"]
[Site "Berlin"]
[Date "2010.08.10"]
[Round "4.57"]
[White "Hahlbohm, Matthias"]
[Black "Kießling, Beate"]
[Result "1-0"]
[WhiteElo "2095"]
[BlackElo "1699"]
[PlyCount "79"]
[EventDate "2010.??.??"]
[WhiteTeam "TSG Oberschöneweide e.V."]
[BlackTeam "Queer-Springer SSV Berlin"]

1. e4 c6 2. d4 d5 3. e5 c5 4. c3 Nc6 5. Nf3 e6 6. a3 cxd4 7. cxd4 Nge7 8. Bd3
g6 9. O-O Bg7 10. Bg5 Qb6 11. b4 Nf5 12. Bxf5 gxf5 13. Nc3 Rg8 14. Kh1 Bd7 15.
Na4 Qc7 16. Rc1 a6 17. Nc5 b6 18. Nxd7 Kxd7 19. Qd2 b5 20. Rc2 Rac8 21. Rfc1
Qb6 22. Bf6 Na7 23. Rxc8 Nxc8 24. Bxg7 Rxg7 25. Qh6 Rg6 26. Qxh7 Ne7 27. Qxf7
Qd8 28. g3 Qh8 29. Kg2 Rg7 30. Qf6 Ng6 31. Ng5 Qg8 32. f4 Nxf4+ 33. gxf4 Rg6
34. Kg3 Rxf6 35. exf6 Qh8 36. f7 Qh5 37. h3 Qh8 38. Re1 Qc8 39. Rxe6 Qc3+ 40.
Kh4 1-0

[Event "9. Lichtenberger Sommer"]
[Site "Berlin"]
[Date "2010.08.10"]
[Round "4.58"]
[White "Wasem, Ralph"]
[Black "Rudolph, Stephanie"]
[Result "1-0"]
[WhiteElo "2106"]
[BlackElo "1890"]
[PlyCount "59"]
[EventDate "2010.??.??"]
[WhiteTeam "SK Landau"]
[BlackTeam "SC Friesen Lichtenberg e.V."]

1. e4 c5 2. Nc3 Nc6 3. f4 d6 4. Bc4 e6 5. Nf3 Nf6 6. d3 a6 7. a4 Qc7 8. O-O Be7
9. Qe1 O-O 10. e5 Ne8 11. Qg3 d5 12. Ba2 Nd4 13. Bd2 Bd7 14. Kh1 b5 15. Bxd5
Nf5 16. Qh3 exd5 17. Nxd5 Qc6 18. c4 bxc4 19. dxc4 Bd8 20. g4 Nh6 21. f5 Nc7
22. Bxh6 Nxd5 23. cxd5 Qxh6 24. Qg3 Qb6 25. Rae1 Re8 26. e6 fxe6 27. fxe6 Bxa4
28. Qf4 Bb5 29. Qf7+ Kh8 30. Ne5 1-0

[Event "9. Lichtenberger Sommer"]
[Site "Berlin"]
[Date "2010.08.10"]
[Round "4.59"]
[White "Alvarez, Luis"]
[Black "Strehlow, Horst"]
[Result "0-1"]
[WhiteElo "1879"]
[BlackElo "2101"]
[PlyCount "86"]
[EventDate "2010.??.??"]
[WhiteTeam "Schachclub Zug um Zug Everswinke"]
[BlackTeam "SC Friesen Lichtenberg e.V."]

1. e4 c5 2. Nf3 d6 3. d4 cxd4 4. Nxd4 Nf6 5. Nc3 a6 6. Be2 e6 7. O-O Be7 8. Be3
Nbd7 9. Nb3 b5 10. a3 Bb7 11. f3 O-O 12. Qd2 Qc7 13. Rad1 Rfd8 14. Qe1 d5 15.
exd5 Nxd5 16. Nxd5 Bxd5 17. Nd4 Rac8 18. c3 Nb6 19. Bc1 Nc4 20. Bd3 Bf6 21. Bb1
g6 22. Kh1 Qb6 23. Nc2 h5 24. Ne3 Nxe3 25. Bxe3 Qb7 26. Qg3 Bb3 27. Rxd8+ Rxd8
28. Bg5 Qe7 29. Be3 Bc4 30. Rg1 h4 31. Qg4 e5 32. Bc2 Be6 33. Qb4 Qd7 34. h3
Bxh3 35. Qa5 Qe6 36. Qb4 Qc8 37. Be4 Bf5 38. Rf1 Kg7 39. a4 Bxe4 40. Qxe4 Qd7
41. axb5 Qxb5 42. Qb1 Rd3 43. Qc1 Rxe3 0-1

[Event "9. Lichtenberger Sommer"]
[Site "Berlin"]
[Date "2010.08.10"]
[Round "4.60"]
[White "Solhdjou, Mohammed"]
[Black "Ziems, Michael"]
[Result "1-0"]
[WhiteElo "1961"]
[BlackElo "1798"]
[PlyCount "61"]
[EventDate "2010.??.??"]
[WhiteTeam "vereinslos"]
[BlackTeam "SV Empor Berlin e.V."]

1. e4 e6 2. Nc3 d5 3. d3 d4 4. Nce2 c5 5. Nf3 Nc6 6. g3 Nf6 7. Bg2 Be7 8. O-O
O-O 9. a4 b6 10. h3 Bb7 11. Bd2 a5 12. Kh2 Nd7 13. Nfg1 Qc7 14. b3 h5 15. f4 h4
16. gxh4 Bxh4 17. Nf3 Be7 18. Rg1 g6 19. Bh1 Kg7 20. Ng3 Rh8 21. e5 Nb4 22.
Bxb4 axb4 23. Qe2 Rh7 24. Rae1 Rah8 25. Bg2 Bh4 26. Bf1 Qc6 27. Nxh4 Rxh4 28.
f5 Qf3 29. fxe6 Qxf1 30. Qxf1 Rxh3+ 31. Qxh3 1-0

[Event "9. Lichtenberger Sommer"]
[Site "Berlin"]
[Date "2010.08.10"]
[Round "4.61"]
[White "Kühnemund, Lutz"]
[Black "Bandsom, Olaf"]
[Result "1/2-1/2"]
[WhiteElo "2131"]
[BlackElo "1779"]
[PlyCount "160"]
[EventDate "2010.??.??"]
[WhiteTeam "SC Friesen Lichtenberg e.V."]
[BlackTeam "SC Friesen Lichtenberg e.V."]

1. e4 e5 2. Nf3 Nc6 3. Bb5 a6 4. Bxc6 dxc6 5. d4 exd4 6. Qxd4 Be6 7. O-O Qxd4
8. Nxd4 Bc4 9. Re1 O-O-O 10. Be3 c5 11. Nf5 g6 12. Ng3 Bg7 13. Nd2 Be6 14. c3
Ne7 15. Nf3 b6 16. Ng5 h6 17. Nxe6 fxe6 18. Red1 Nc6 19. Ne2 e5 20. Kf1 Rd6 21.
Ke1 Rhd8 22. f3 Rxd1+ 23. Rxd1 Rxd1+ 24. Kxd1 Kd7 25. Kd2 Ke6 26. Kd3 Kd6 27.
g3 Ke6 28. f4 Kf6 29. Ng1 Ke6 30. Nf3 exf4 31. gxf4 Bf8 32. Nh4 Ne7 33. Nf3 Bg7
34. Bf2 Nc6 35. Bh4 Bf6 36. Bxf6 Kxf6 37. h4 Ke6 38. Nh2 b5 39. b3 a5 40. Ng4
h5 41. Ne3 Ne7 42. Nc2 Kd6 43. Na3 c6 44. Nc2 Ke6 45. Na3 Kd6 46. c4 b4 47. Nc2
Ke6 48. Ke3 Ng8 49. Kf3 Nf6 50. Ne3 Nd7 51. e5 Nb6 52. Ke4 a4 53. Nd1 axb3 54.
axb3 Nc8 55. Nf2 Ne7 56. Nd3 Nf5 57. Nxc5+ Ke7 58. Nd3 Nxh4 59. Nxb4 Kd7 60.
Nd3 Nf5 61. b4 h4 62. Nf2 Ng3+ 63. Kd3 Nh5 64. Nh3 Ng3 65. b5 cxb5 66. cxb5 Nf5
67. Kc4 Kc7 68. Kc5 Kb7 69. e6 Kc7 70. Kd5 Kb6 71. Ke5 Kxb5 72. Kf6 Kc6 73.
Kxg6 Ne7+ 74. Kf6 Kd6 75. f5 Nd5+ 76. Kg5 Ke7 77. Nf4 Nc7 78. Ng6+ Kd6 79. Nxh4
Nxe6+ 80. Kf6 Nd4 1/2-1/2

[Event "9. Lichtenberger Sommer"]
[Site "Berlin"]
[Date "2010.08.10"]
[Round "4.62"]
[White "Rüther, Marc"]
[Black "Mai, Andreas"]
[Result "0-1"]
[WhiteElo "1749"]
[BlackElo "1949"]
[PlyCount "100"]
[EventDate "2010.??.??"]
[WhiteTeam "Queer-Springer SSV Berlin"]
[BlackTeam "SC Friesen Lichtenberg e.V."]

1. e4 d6 2. d4 Nf6 3. Nc3 g6 4. Be2 Bg7 5. g4 Nbd7 6. g5 Ng8 7. Be3 e5 8. d5 h6
9. Nf3 hxg5 10. Nxg5 Ngf6 11. h4 Nh5 12. Qd2 Nb6 13. O-O-O Bd7 14. Rdf1 Qe7 15.
Bxh5 Rxh5 16. Bxb6 axb6 17. Kb1 f6 18. Nf3 O-O-O 19. Rfg1 Qf7 20. Qd3 Rdh8 21.
Ne2 g5 22. Ng3 R5h7 23. hxg5 Rxh1 24. Nxh1 fxg5 25. Nxg5 Qh5 26. a3 Bh6 27. Nf3
Rf8 28. Nd2 Qh2 29. Qg3 Qxg3 30. Nxg3 Bxd2 31. Nh5 c6 32. Rg6 Be8 33. Rxd6 Bxh5
34. dxc6 bxc6 35. Rxd2 Rd8 36. Rxd8+ Kxd8 37. Kc1 Bf3 38. Kd2 Bxe4 39. c3 Kd7
40. Ke3 Bd5 41. f4 exf4+ 42. Kxf4 Ke6 43. Ke3 Ke5 44. Kd3 b5 45. b4 Be4+ 46.
Kd2 Kd5 47. Kc1 Kc4 48. Kb2 Bf5 49. a4 bxa4 50. Ka3 Bc2 0-1

[Event "9. Lichtenberger Sommer"]
[Site "Berlin"]
[Date "2010.08.10"]
[Round "4.63"]
[White "Nopp, Josef"]
[Black "Grillich, Alexander"]
[Result "0-1"]
[WhiteElo "1775"]
[BlackElo "1994"]
[PlyCount "58"]
[EventDate "2010.??.??"]
[WhiteTeam "SV Urfahr"]
[BlackTeam "SC Rochade e.V."]

1. d4 d5 2. Nf3 e6 3. e3 c5 4. c3 Nf6 5. Bd3 Nc6 6. Ne5 Nxe5 7. dxe5 Nd7 8. f4
Qh4+ 9. g3 Qh3 10. Bf1 Qh6 11. e4 dxe4 12. f5 e3 13. fxe6 Qxe6 14. Bxe3 Nxe5
15. Bb5+ Bd7 16. Bxd7+ Nxd7 17. Qe2 Be7 18. Nd2 O-O 19. Nf3 Rfe8 20. Kf2 Nf6
21. h3 Bd6 22. g4 Ne4+ 23. Kg2 Ng3 24. Qd2 Nxh1 25. Rxh1 Rad8 26. Re1 Qxa2 27.
Ng5 Be7 28. Qf2 Bxg5 29. Bxg5 Qd5+ 0-1

[Event "9. Lichtenberger Sommer"]
[Site "Berlin"]
[Date "2010.08.10"]
[Round "4.64"]
[White "Bandlow, Matthias"]
[Black "Schönemann, Manfred"]
[Result "1/2-1/2"]
[WhiteElo "2004"]
[BlackElo "1811"]
[PlyCount "42"]
[EventDate "2010.??.??"]
[WhiteTeam "SC Borussia Friedrichsfelde 1920"]
[BlackTeam "SV Turbine Berlin e.V."]

1. d4 Nf6 2. c4 e6 3. Nf3 c5 4. e3 cxd4 5. exd4 d5 6. b3 Nc6 7. Bb2 Bb4+ 8.
Nbd2 Ne4 9. a3 Bxd2+ 10. Nxd2 Nf6 11. Nf3 O-O 12. Bd3 dxc4 13. Bxc4 b5 14. Bd3
Bb7 15. O-O b4 16. Rc1 Rc8 17. Qe2 h6 18. Rfd1 a5 19. Bb1 Ne7 20. Qd3 Qd6 21.
Rxc8 Rxc8 1/2-1/2

[Event "9. Lichtenberger Sommer"]
[Site "Berlin"]
[Date "2010.08.10"]
[Round "4.65"]
[White "Kuhn, Christian"]
[Black "Radßat, Rene"]
[Result "1-0"]
[WhiteElo "2009"]
[BlackElo "1600"]
[PlyCount "47"]
[EventDate "2010.??.??"]
[WhiteTeam "TSV Amorbach 1863 e.V."]
[BlackTeam "SV Bad Schwartau von 1930"]

1. c4 Nf6 2. g3 g6 3. Bg2 Bg7 4. Nc3 d6 5. d3 Nbd7 6. Bg5 c6 7. e4 e5 8. Nge2
a6 9. O-O O-O 10. Qd2 b5 11. a3 Bb7 12. Rad1 Nb6 13. b3 Qd7 14. f4 Ne8 15. f5
f6 16. Be3 Nc8 17. d4 bxc4 18. bxc4 Nb6 19. dxe5 Nxc4 20. Qa2 d5 21. Bc5 Bh6
22. exd5 Be3+ 23. Bxe3 Nxe3 24. dxc6+ 1-0

[Event "9. Lichtenberger Sommer"]
[Site "Berlin"]
[Date "2010.08.10"]
[Round "4.66"]
[White "Ross, Chris N"]
[Black "Karpa, Adrian"]
[Result "1-0"]
[WhiteElo "2207"]
[BlackElo "1852"]
[PlyCount "55"]
[EventDate "2010.??.??"]
[WhiteTeam "New England"]
[BlackTeam "SK Landau"]

1. e4 c5 2. Nf3 e6 3. d4 cxd4 4. Nxd4 Nc6 5. Nb5 Nf6 6. N1c3 d6 7. Bf4 e5 8.
Bg5 a6 9. Na3 b5 10. Nd5 Be7 11. Bxf6 Bxf6 12. c4 b4 13. Nc2 a5 14. Be2 O-O 15.
O-O Bg5 16. Bg4 g6 17. Bxc8 Rxc8 18. b3 Bh6 19. Qe2 f5 20. exf5 gxf5 21. f4 Qe8
22. Rad1 Nd4 23. Nxd4 exd4 24. Qf2 Bg7 25. Rfe1 Qf7 26. Ne7+ Kh8 27. Nxc8 Rxc8
28. Rxd4 1-0

[Event "9. Lichtenberger Sommer"]
[Site "Berlin"]
[Date "2010.08.10"]
[Round "4.67"]
[White "Nagel, Gerhard"]
[Black "Ollek, Karl-Heinz"]
[Result "1-0"]
[WhiteElo "1975"]
[BlackElo "1838"]
[PlyCount "35"]
[EventDate "2010.??.??"]
[WhiteTeam "SC Einheit Bautzen"]
[BlackTeam "SC Friesen Lichtenberg e.V."]

1. e4 c5 2. Nc3 d6 3. Nf3 g6 4. d4 cxd4 5. Nxd4 e5 6. Nf3 Nf6 7. Bc4 Bg4 8. h3
Bxf3 9. Qxf3 Nc6 10. Bg5 Bg7 11. Nd5 Qa5+ 12. b4 Nd4 13. bxa5 Nxf3+ 14. gxf3
Nxd5 15. Bxd5 Rc8 16. c4 h6 17. Be3 O-O 18. Bxa7 1-0

[Event "9. Lichtenberger Sommer"]
[Site "Berlin"]
[Date "2010.08.10"]
[Round "4.68"]
[White "Mohr, Horst"]
[Black "Schüler, Wolfgang"]
[Result "1-0"]
[WhiteElo "1798"]
[BlackElo "1982"]
[PlyCount "63"]
[EventDate "2010.??.??"]
[WhiteTeam "SC Caissa Falkensee e.V."]
[BlackTeam "SC Friesen Lichtenberg e.V."]

1. d4 d5 2. Nf3 Nf6 3. e3 e6 4. Bd3 Nbd7 5. O-O c5 6. b3 cxd4 7. exd4 g6 8. Qe2
Bg7 9. Ba3 Bf8 10. Bb2 Bg7 11. Ba3 Bf8 12. Bb2 Bg7 13. c4 O-O 14. Nc3 a6 15. a4
Re8 16. Rfe1 Nb8 17. Rad1 Bd7 18. Ne5 Nc6 19. Nb1 Nb4 20. c5 Bc6 21. Nd2 Nd7
22. f4 Nxe5 23. fxe5 b6 24. cxb6 Qxb6 25. Nf3 Nxd3 26. Rxd3 Rec8 27. Ba3 Bf8
28. Bxf8 Rxf8 29. Qa2 Bd7 30. Rc1 Rfc8 31. Rdc3 Rxc3 32. Rxc3 1-0

[Event "9. Lichtenberger Sommer"]
[Site "Berlin"]
[Date "2010.08.10"]
[Round "4.69"]
[White "Streit, Jürgen"]
[Black "Kasper, Peter"]
[Result "1-0"]
[WhiteElo "1946"]
[BlackElo "1846"]
[PlyCount "87"]
[EventDate "2010.??.??"]
[WhiteTeam "Schachzirkel Elstertal Langenber"]
[BlackTeam "SG Eckturm"]

1. e4 c6 2. Nc3 d5 3. Qf3 dxe4 4. Nxe4 h6 5. Bc4 e6 6. Ne2 Nd7 7. d4 Ngf6 8.
N4g3 Bd6 9. O-O Qc7 10. Bb3 b6 11. Re1 Bb7 12. Bf4 Bxf4 13. Qxf4 O-O-O 14. a4
Qxf4 15. Nxf4 c5 16. c3 cxd4 17. cxd4 Nb8 18. Nd3 Bd5 19. Bc2 Nc6 20. Ne5 Rhf8
21. Rac1 Kb8 22. Ne2 Nb4 23. Bb1 Rc8 24. Nc3 Bb7 25. Nb5 Nc6 26. Nd6 Rc7 27.
Nb5 Rcc8 28. Be4 Nxe5 29. Rxc8+ Bxc8 30. dxe5 Nxe4 31. Rxe4 Bb7 32. Rc4 Ba6 33.
Rb4 Bxb5 34. Rxb5 Rc8 35. Kf1 Rc5 36. Rxc5 bxc5 37. Ke2 f5 38. Kd3 Kc7 39. Kc4
Kc6 40. a5 g5 41. h3 h5 42. g3 h4 43. gxh4 gxh4 44. f4 1-0

[Event "9. Lichtenberger Sommer"]
[Site "Berlin"]
[Date "2010.08.10"]
[Round "4.70"]
[White "Prix, Siegfried"]
[Black "Fleischmann, Torsten"]
[Result "1/2-1/2"]
[WhiteElo "1781"]
[BlackElo "1888"]
[PlyCount "92"]
[EventDate "2010.??.??"]
[WhiteTeam "Sfrd. Berlin 1903 e.V."]
[BlackTeam "Treptower SV 1949 e.V."]

1. e4 c5 2. c4 Nc6 3. Nf3 Nf6 4. Nc3 b6 5. d4 cxd4 6. Nxd4 Bb7 7. f3 g6 8. Be2
Bg7 9. Be3 O-O 10. O-O e6 11. Rc1 d5 12. Nxc6 Bxc6 13. cxd5 exd5 14. exd5 Nxd5
15. Nxd5 Bxd5 16. b3 Qe7 17. Bf2 Rfd8 18. Bd3 Qa3 19. Qe2 Rac8 20. Rc2 Rxc2 21.
Qxc2 Be6 22. Re1 Rc8 23. Qe2 Rc1 24. Qd2 Rc8 25. Qe2 Bf6 26. Be3 Kg7 27. Rd1
Rd8 28. Rc1 Qd6 29. Rd1 h5 30. Bc2 Qc7 31. Rxd8 Qxd8 32. Be4 Qc7 33. Qc2 Qe5
34. Bf2 Bd5 35. Qb1 g5 36. Bd3 Qf4 37. Bg3 Qd2 38. Bf2 h4 39. Qc2 Qf4 40. Be4
Be6 41. g3 Qe5 42. Be1 h3 43. g4 Qf4 44. Bf2 Be5 45. Bg3 Bd4+ 46. Kf1 Qe3
1/2-1/2

[Event "9. Lichtenberger Sommer"]
[Site "Berlin"]
[Date "2010.08.10"]
[Round "4.71"]
[White "Buraczynski, Radoslaw"]
[Black "Heldt, Ronny"]
[Result "1-0"]
[WhiteElo "1789"]
[BlackElo "1611"]
[PlyCount "120"]
[EventDate "2010.??.??"]
[WhiteTeam "USG Chemnitz"]
[BlackTeam "SC Kreuzberg e.V."]

1. e4 e6 2. d4 d5 3. Nc3 Nf6 4. Bg5 dxe4 5. Nxe4 Nbd7 6. Nf3 h6 7. Nxf6+ Nxf6
8. Be3 Bd6 9. c3 Bd7 10. Bd3 Nd5 11. Qe2 Qf6 12. Bd2 O-O-O 13. Ne5 c5 14. g3
Kb8 15. Ng4 Qe7 16. c4 Nf6 17. dxc5 Bxc5 18. Bf4+ Ka8 19. Ne5 g5 20. Be3 Rhf8
21. O-O Qd6 22. Bxc5 Qxc5 23. b4 Qd4 24. b5 Bc8 25. Rfd1 Nd7 26. Nf3 Qb6 27. a4
Qa5 28. Qe3 Qb6 29. Qe1 a5 30. bxa6 Qxa6 31. Qb4 Qb6 32. Qxb6 Nxb6 33. a5 Nd7
34. Bf1 Nc5 35. Rdb1 Rd6 36. Bg2 f6 37. Rb5 Na6 38. Ne1 Rf7 39. c5 Rdd7 40. Rc1
Rc7 41. Nd3 Bd7 42. Rb6 e5 43. c6 Bf5 44. cxb7+ Rxb7 45. Rxa6+ Kb8 46. Bxb7
Bxd3 47. Bd5 Rd7 48. Rb6+ Ka7 49. Bg2 f5 50. Bf1 f4 51. Bxd3 Rxd3 52. Rxh6 e4
53. Rc7+ Kb8 54. Re7 Rd8 55. Rxe4 f3 56. Rhe6 Kc7 57. h4 gxh4 58. Rxh4 Rd1+ 59.
Kh2 Rd8 60. Rh7+ Kb8 1-0

[Event "9. Lichtenberger Sommer"]
[Site "Berlin"]
[Date "2010.08.10"]
[Round "4.72"]
[White "Hantusch, Ralf"]
[Black "Schneider, Eckehard"]
[Result "1-0"]
[WhiteElo "1867"]
[BlackElo "1762"]
[PlyCount "107"]
[EventDate "2010.??.??"]
[WhiteTeam "SV Bau-Union e.V."]
[BlackTeam "Sfrd. Berlin 1903 e.V."]

1. c4 Nf6 2. Nc3 e6 3. e4 d5 4. e5 Nfd7 5. d4 c5 6. cxd5 cxd4 7. dxe6 Nxe5 8.
Bb5+ Nbc6 9. exf7+ Nxf7 10. Bxc6+ bxc6 11. Nce2 c5 12. Nf3 Be7 13. O-O O-O 14.
h3 Bb7 15. Ng3 Ng5 16. Bxg5 Bxg5 17. Nxg5 Qxg5 18. Qh5 Qxh5 19. Nxh5 a5 20.
Rac1 Rac8 21. Rfe1 c4 22. Re7 Rf7 23. Rxf7 Kxf7 24. f3 Ba6 25. Kf2 Rb8 26. Rc2
Rb6 27. Ng3 Ke6 28. Ne4 Kd5 29. Rd2 Ke5 30. g3 Bc8 31. h4 Rc6 32. Ng5 h6 33.
f4+ Kd5 34. Nf3 d3 35. Ne5 Rc7 36. Ke3 a4 37. a3 Re7 38. Rf2 Bg4 39. Rd2 Be2
40. Kf2 h5 41. Ke3 Rc7 42. Ng6 c3 43. bxc3 Rxc3 44. f5 Rxa3 45. Nf4+ Kc4 46.
Ne6 Rb3 47. Nxg7 a3 48. f6 Rb6 49. f7 Rf6 50. Ne8 Rf3+ 51. Ke4 Kc3 52. Rxd3+
Rxd3 53. f8=Q Rd4+ 54. Ke3 1-0